Vista normal
Vista MARC
Entrada Personal Name
Número de registros utilizados en: 1
001 - CONTROL NUMBER
- control field: 11144
003 - CONTROL NUMBER IDENTIFIER
- control field: OSt
005 - DATE AND TIME OF LATEST TRANSACTION
- control field: 20201002120301.0
008 - FIXED-LENGTH DATA ELEMENTS
- fixed length control field: 201002|| aca||aabn | a|a d
040 ## - CATALOGING SOURCE
- Original cataloging agency: OSt
- Transcribing agency: OSt
100 ## - HEADING--PERSONAL NAME
- Personal name: Osuna, Héctor
670 ## - SOURCE DATA FOUND
- Source citation: Work cat.: (OSt)6254: Caballero Calderón, Lucas, autor 11141, Yo, Lucas / , 1983